Statystyki dla Oceany świata

Kliknij tutaj aby rozwiązać quiz!

Ogólne statystyki

  • Ten quiz został rozwiązany 71 razy
  • Średni wynik to 4 z 5

Statystyki odpowiedzi

HintOdpowiedź% Poprawnych
5Ocean {Spokojny}
95%
3Ocean {Indyjski}
94%
2Ocean {Atlantycki}
83%
1Ocean {Arktyczny}
72%
4Ocean {Południowy}
68%

Rozkład punktacji

Percentyl według liczby udzielonych odpowiedzi

Procent ludzi z każdym wynikiem

Twoja historia wyników

Nie rozwiązałeś tego quizu